| 000 | 01614nam a2200469 i 4500 | ||
|---|---|---|---|
| 001 | 22867 | ||
| 003 | KOSZ 005 | ||
| 005 | 20200512113939.0 | ||
| 008 | 200512s1984 pl a f 000 0 pol | ||
| 015 | _aUWD 1985/1055 | ||
| 020 | _a8304016966 | ||
| 035 | _a991008103569705066 | ||
| 035 | _a(PL-WaBN)b12085595-48omnis_nlop | ||
| 035 | _ab12085595 | ||
| 035 | _a(OCoLC)835909630 | ||
| 035 | _a(PL)b0000001208559 | ||
| 035 | _a(EXLNZ-48OMNIS_NETWORK)9910080353705606 | ||
| 040 |
_aWA N _cWA N _dKOSZ 005/RW |
||
| 046 | _k1984 | ||
| 080 | _a338.22 | ||
| 080 | _a711.1/.2 | ||
| 100 | 1 |
_aMalisz, Bolesław _d(1910-1995) _eAutor |
|
| 245 | 1 | 0 |
_aPodstawy gospodarki i polityki przestrzennej / _cBolesław Malisz ; Wszechnica Polskiej Akademii Nauk. |
| 260 |
_aWrocław [etc.] : _bZakład Narodowy im. Ossolińskich, _c1984. |
||
| 300 |
_a189, [2] stron : _brysunki ; _c21 cm. |
||
| 336 |
_aTekst _btxt _2rdacontent |
||
| 337 |
_aBez urządzenia pośredniczącego _bn _2rdamedia |
||
| 338 |
_aWolumin _bnc _2rdacarrier |
||
| 380 | _aKsiążki | ||
| 380 | _aPublikacje fachowe | ||
| 388 | _a1901-2000 | ||
| 388 | _a1945-1989 | ||
| 504 | _aBibliografia na stronach [188]-189. | ||
| 650 | 7 |
_aPlanowanie przestrzenne _2DBN |
|
| 650 | 7 |
_aPolityka gospodarcza _2DBN |
|
| 655 | 7 | _aOpracowanie | |
| 658 | _aGospodarka, ekonomia, finanse | ||
| 710 | 2 |
_aZakład Narodowy im. Ossolińskich _bWydawnictwo _4pbl |
|
| 856 |
_uhttp://koha.tu.koszalin.pl/cgi-bin/koha/opac-detail.pl?biblionumber=22867 _yKatalog online BPK |
||
| 942 |
_2UKD _cKS |
||
| 999 |
_c22867 _d22867 |
||